Datum a čas kvízu
25
Celkem bodů
Celkový počet nahraných bodů na tomto kvízu bez doplňovacích otázek.
7.
Pořadí na kvízu
Konečné umístění týmu na tomto kvízu.
Zaznamenané odpovědi
| # | Otázka | Odpověď | Body | Výsledky |
|---|---|---|---|---|
| 1. | V úterý byl odvolán ředitel je... | Česká televize (ČT), Jan Souček | 1 | |
| 2. | Na pozemku u bratislavského le... | Sbohem (Zbohom) Fico | 1 | |
| 3. | Minulý týden vyšlo album Ostra... | Michal Prokop | 1 | |
| 4. | Filipínské a americké vojenské... | D) Předčasné samovolné potopení filipínské lodi. | 1 | |
| 5. | Tři minuty a 57 sekund. Přesně... | Španělsko | 1 | |
| 6. | Podíváme se na historické udál... | Pouštní bouře | 1 | |
| 7. | Dne 8. června 1992 došlo na ji... | vila Tugendhat | 0 | |
| 8. | V České republice vystoupila o... | D | 0 | |
| 9. | Jak se nazývá stát, který vsto... | Chorvatsko | 0 | |
| 10. | Uveďte název města, kde byla p... | Turín; Nagano | 0 |